[Event "Benidorm Bali op-B 20th"]
[Site "Benidorm"]
[Date "2023.12.04"]
[Round "5"]
[White "Castillo Garcia, Adrian"]
[Black "Sham, R."]
[Result "1/2-1/2"]
[WhiteElo "1948"]
[BlackElo "1897"]
[PlyCount "91"]
[EventDate "2023.12.01"]
[EventType "swiss"]
[EventRounds "9"]
[EventCountry "ESP"]
[SourceTitle "CBM 217 Extra"]
[Source "ChessBase"]
[SourceDate "2024.01.31"]
[SourceVersion "1"]
[SourceVersionDate "2024.01.31"]
[SourceQuality "1"]

1. c4 g6 2. Nc3 Bg7 3. g3 e5 4. Bg2 Ne7 5. e4 d6 6. Nge2 c5 7. 0-0 Nbc6 8. d3 0-0 9. Nd5 Nd4 10. Rb1 Nxe2+ 11. Qxe2 Nxd5 12. cxd5 a5 13. f4 exf4 14. gxf4 f5 15. b3 b6 16. e5 Re8 17. Bb2 Ra7 18. Rbe1 Ba6 19. Rd1 Qe7 20. Rfe1 Qh4 21. Qf2 Qxf2+ 22. Kxf2 Rd7 23. d4 c4 24. Ba3 Bf8 25. Bf1 b5 26. bxc4 bxc4 27. e6 Rb7 28. Rb1 Be7 29. Rxb7 Bxb7 30. Bxc4 Bh4+ 31. Ke2 Bxe1 32. Kxe1 Rc8 33. Bb3 a4 34. Bxa4 Ra8 35. e7 Kf7 36. e8Q+ Rxe8+ 37. Bxe8+ Kxe8 38. Bxd6 Kd7 39. Bf8 Bxd5 40. a3 Kc6 41. Kf2 Kb5 42. Kg3 Kc4 43. Bc5 Kd3 44. a4 Ke3 45. Bd6 Kxd4 46. h4 1/2-1/2

[Event "Almansa op-B"]
[Site "Almansa"]
[Date "2022.08.13"]
[Round "7"]
[White "Selva Salvador, Antonio"]
[Black "Castillo Garcia, Adrian"]
[Result "0-1"]
[WhiteElo "1982"]
[BlackElo "1962"]
[PlyCount "130"]
[EventDate "2022.08.10"]
[EventType "swiss"]
[EventRounds "8"]
[EventCountry "ESP"]
[SourceTitle "CBM 210 Extra"]
[Source "ChessBase"]
[SourceDate "2022.11.30"]
[SourceVersion "1"]
[SourceVersionDate "2022.11.30"]
[SourceQuality "1"]

1. d4 d6 2. Nf3 g6 3. g3 Bg7 4. Bg2 Nd7 5. 0-0 Ngf6 6. b3 0-0 7. Bb2 e5 8. dxe5 Ng4 9. Nbd2 Ngxe5 10. Rb1 a5 11. c4 Re8 12. Qc2 Nc5 13. Nxe5 Bxe5 14. Bxe5 Rxe5 15. e4 f5 16. f4 Re8 17. Rbe1 fxe4 18. Qc3 Bf5 19. h3 h5 20. a3 Qd7 21. Kh2 Qg7 22. Qxg7+ Kxg7 23. Re3 Rad8 24. Rfe1 d5 25. cxd5 Rxd5 26. Nc4 Red8 27. R1e2 b6 28. Ne5 Rd2 29. g4 hxg4 30. hxg4 Rxe2 31. Rxe2 Bc8 32. Bxe4 Ba6 33. Re3 Rd2+ 34. Kh3 Nxe4 35. Rxe4 Bb7 36. Re3 b5 37. Rd3 Rxd3+ 38. Nxd3 Kf6 39. b4 a4 40. Kg3 Be4 41. Nc5 Bc2 42. g5+ Ke7 43. Kf3 Kd6 44. Ke3 Kd5 45. Kd2 Bf5 46. Kc3 c6 47. Nd3 Ke4 48. Kd2 Kf3 49. Ne5+ Kxf4 50. Nxc6 Bd7 51. Nd4 Kxg5 52. Ke3 Kf6 53. Ke4 g5 54. Kd5 g4 55. Kd6 Be8 56. Ne2 Bg6 57. Kc5 Bd3 58. Nf4 Bf1 59. Nd5+ Kg5 60. Ne3 Be2 61. Ng2 g3 62. Kd4 Bf1 63. Ne1 Kf4 64. Kc5 Ke3 65. Ng2+ Kf2 0-1

[Event "Alicante Universitario-ch"]
[Site "Alicante"]
[Date "2019.04.09"]
[Round "1.6"]
[White "Castillo Garcia, Adrian"]
[Black "Suarez Uriel, Adrian"]
[Result "0-1"]
[WhiteElo "2021"]
[BlackElo "2397"]
[PlyCount "52"]
[EventDate "2019.04.09"]
[EventType "swiss"]
[EventRounds "9"]
[EventCountry "ESP"]
[SourceTitle "CBM 190 Extra"]
[Source "ChessBase"]
[SourceDate "2019.07.15"]
[SourceVersion "1"]
[SourceVersionDate "2019.07.15"]
[SourceQuality "1"]

1. c4 Nf6 2. Nc3 g6 3. e4 c5 4. Nge2 Nc6 5. g3 Bg7 6. Bg2 0-0 7. 0-0 d6 8. d3 Ne8 9. Be3 Nd4 10. Rb1 Nc7 11. b4 Rb8 12. Qa4 a6 13. bxc5 dxc5 14. Qa3 Nce6 15. f4 Nc2 16. Qc1 Nxe3 17. Qxe3 Bd4 18. Nxd4 cxd4 19. Qf2 dxc3 20. f5 Nd4 21. g4 e5 22. Kh1 f6 23. g5 fxg5 24. Qg3 c2 25. Rbe1 Qe7 26. Bh3 c1Q 0-1

[Event "Benidorm op U2000 16th"]
[Site "Benidorm"]
[Date "2017.12.01"]
[Round "1"]
[White "Castillo Garcia, Adrian"]
[Black "Lynch, Peter J"]
[Result "1-0"]
[WhiteElo "1993"]
[BlackElo "1732"]
[PlyCount "67"]
[EventDate "2017.12.01"]
[EventType "swiss"]
[EventRounds "10"]
[EventCountry "ESP"]
[SourceTitle "EXT 2019"]
[Source "ChessBase"]
[SourceDate "2018.10.10"]
[SourceVersion "1"]
[SourceVersionDate "2018.10.10"]
[SourceQuality "1"]

1. c4 c5 2. Nf3 Nc6 3. g3 d6 4. Bg2 Bd7 5. Nc3 Nf6 6. d4 cxd4 7. Nxd4 a6 8. 0-0 e6 9. Rb1 Qc7 10. e4 Be7 11. Be3 Ne5 12. b3 b5 13. h3 Rc8 14. f4 Ng6 15. g4 h6 16. f5 Ne5 17. fxe6 fxe6 18. Rc1 bxc4 19. Nce2 d5 20. exd5 exd5 21. Nf4 Qa5 22. Nfe6 Kf7 23. g5 hxg5 24. Nxg5+ Kg8 25. Nf5 Ba3 26. Rc2 Rh5 27. Qd4 Rxg5 28. Qxe5 Rxf5 29. Rxf5 Bxf5 30. Qxf5 Qe1+ 31. Kh2 Re8 32. Bxd5+ Nxd5 33. Qxd5+ Kh8 34. Qh5+ 1-0

[Event "Almansa op-B 12th"]
[Site "Almansa"]
[Date "2017.08.06"]
[Round "9"]
[White "Perez Garcia, Jose Miguel"]
[Black "Castillo Garcia, Adrian"]
[Result "1/2-1/2"]
[WhiteElo "1956"]
[BlackElo "1967"]
[PlyCount "52"]
[EventDate "2017.08.01"]
[EventType "swiss"]
[EventRounds "9"]
[EventCountry "ESP"]
[SourceTitle "EXT 2019"]
[Source "ChessBase"]
[SourceDate "2018.10.10"]
[SourceVersion "1"]
[SourceVersionDate "2018.10.10"]
[SourceQuality "1"]

1. d4 Nf6 2. c4 g6 3. Nc3 Bg7 4. e4 d6 5. Be2 0-0 6. Nf3 e5 7. dxe5 dxe5 8. Qxd8 Rxd8 9. Bg5 Re8 10. Nd5 Nxd5 11. cxd5 c6 12. Bc4 cxd5 13. Bxd5 Nd7 14. Nd2 Nb6 15. Bb3 Be6 16. Bxe6 Rxe6 17. Ke2 Bf6 18. Bxf6 Rxf6 19. Rac1 Rd6 20. Rhd1 Rad8 21. Nb1 f6 22. f3 Kf7 23. Rxd6 Rxd6 24. Rc7+ Rd7 25. Rxd7+ Nxd7 26. Nd2 Ke6 1/2-1/2

[Event "Almansa op-B 12th"]
[Site "Almansa"]
[Date "2017.08.04"]
[Round "7"]
[White "Molla Gil, Pablo"]
[Black "Castillo Garcia, Adrian"]
[Result "0-1"]
[WhiteElo "1882"]
[BlackElo "1967"]
[PlyCount "144"]
[EventDate "2017.08.01"]
[EventType "swiss"]
[EventRounds "9"]
[EventCountry "ESP"]
[SourceTitle "EXT 2019"]
[Source "ChessBase"]
[SourceDate "2018.10.10"]
[SourceVersion "1"]
[SourceVersionDate "2018.10.10"]
[SourceQuality "1"]

1. Nf3 Nf6 2. d4 g6 3. c4 Bg7 4. Nc3 0-0 5. e4 d6 6. Be2 e5 7. dxe5 dxe5 8. Qxd8 Rxd8 9. Nxe5 Nxe4 10. Nxe4 Bxe5 11. 0-0 Bf5 12. Ng3 Be6 13. Be3 f5 14. Bg5 Re8 15. Bd3 Nc6 16. a3 Na5 17. Rab1 Bxc4 18. Rfd1 Bxd3 19. Rxd3 Bd6 20. Bf6 Re6 21. Bc3 Nc6 22. Kf1 Rae8 23. Re1 Rxe1+ 24. Bxe1 Ne5 25. Rb3 b6 26. Ne2 Nc6 27. Rc3 Ne5 28. h3 Kf7 29. Nd4 c5 30. Nc2 f4 31. Bd2 g5 32. g3 Ng6 33. b4 Re4 34. f3 Re6 35. bxc5 Bxc5 36. gxf4 gxf4 37. Nb4 Kf6 38. Rc4 Kf5 39. Nc2 Rd6 40. Ke2 a5 41. Bc1 Rd5 42. a4 Kg5 43. h4+ Kxh4 44. Bxf4 Nxf4+ 45. Rxf4+ Kg5 46. Rg4+ Kf6 47. Rf4+ Ke6 48. Rh4 h5 49. f4 Be7 50. f5+ Kxf5 51. Ne3+ Ke6 52. Nxd5 Bxh4 53. Nxb6 Bd8 54. Nc4 Kd5 55. Kd3 h4 56. Ne3+ Kc5 57. Kc3 h3 58. Ng4 Bc7 59. Nf2 h2 60. Nh1 Bd8 61. Nf2 Bh4 62. Nh1 Be1+ 63. Kb3 Kd4 64. Kc2 Kc4 65. Kd1 Bh4 66. Ke2 Kb3 67. Kf3 Kxa4 68. Kg2 Kb3 69. Kxh2 a4 70. Kh3 Be1 71. Kg2 a3 72. Kf1 Bh4 0-1

[Event "Alzira op 2nd"]
[Site "Alzira"]
[Date "2015.08.23"]
[Round "7"]
[White "Gonzalvez Perales, Jose Luis"]
[Black "Castillo Garcia, Adrian"]
[Result "1-0"]
[WhiteElo "2010"]
[BlackElo "1926"]
[PlyCount "83"]
[EventDate "2015.08.21"]
[EventType "swiss"]
[EventRounds "7"]
[EventCountry "ESP"]
[SourceTitle "EXT 2016"]
[Source "ChessBase"]
[SourceDate "2015.10.08"]
[SourceVersion "1"]
[SourceVersionDate "2015.10.08"]
[SourceQuality "1"]

1. e4 g6 2. d4 Bg7 3. Nf3 d6 4. h3 Nd7 5. Bc4 e6 6. Nc3 b6 7. Bg5 Ne7 8. Qd2 h6 9. Be3 Bb7 10. 0-0 a6 11. a4 Kf8 12. Nh2 Nf6 13. f3 Kg8 14. Ng4 Qf8 15. b4 d5 16. Bd3 Nh5 17. Ne2 f5 18. Ne5 Nf6 19. exf5 exf5 20. Nf4 Qe8 21. Ne6 Qc8 22. Nxg7 Kxg7 23. g4 Nd7 24. gxf5 Nxe5 25. f6+ Kxf6 26. dxe5+ Kg7 27. e6 c5 28. bxc5 bxc5 29. Rab1 Qc6 30. Bf4 Rh7 31. c4 Bc8 32. cxd5 Qxd5 33. Qc3+ Qd4+ 34. Qxd4+ cxd4 35. Be5+ Kf8 36. Bc4 Nf5 37. Bd5 Raa7 38. Rb8 Ne3 39. Rc1 Rhc7 40. Rxc8+ Rxc8 41. Rxc8+ Ke7 42. Bxd4 1-0

[Event "Alzira op 2nd"]
[Site "Alzira"]
[Date "2015.08.22"]
[Round "5"]
[White "Barbero Verdu, Francisco"]
[Black "Castillo Garcia, Adrian"]
[Result "1-0"]
[WhiteElo "2060"]
[BlackElo "1926"]
[PlyCount "53"]
[EventDate "2015.08.21"]
[EventType "swiss"]
[EventRounds "7"]
[EventCountry "ESP"]
[SourceTitle "EXT 2016"]
[Source "ChessBase"]
[SourceDate "2015.10.08"]
[SourceVersion "1"]
[SourceVersionDate "2015.10.08"]
[SourceQuality "1"]

1. c4 Nf6 2. Nc3 g6 3. g3 Bg7 4. Bg2 0-0 5. Nf3 d6 6. 0-0 c5 7. d4 cxd4 8. Nxd4 Nc6 9. Nxc6 bxc6 10. Bxc6 Rb8 11. Bg2 Be6 12. Qd3 Nd7 13. b3 Nc5 14. Qd2 a5 15. Bb2 a4 16. Nxa4 Nxa4 17. Bxg7 Kxg7 18. bxa4 Kg8 19. Rfc1 Qd7 20. a5 Rfc8 21. a6 Bxc4 22. Bb7 Rc5 23. Rab1 Bxa6 24. Bxa6 Rxb1 25. Rxb1 Rh5 26. Qc3 e5 27. Qc8+ 1-0

[Event "La Roda op 42nd"]
[Site "La Roda"]
[Date "2015.04.01"]
[Round "1"]
[White "Castillo Garcia, Adrian"]
[Black "Smirnov, Artem"]
[Result "0-1"]
[WhiteElo "1944"]
[BlackElo "2456"]
[PlyCount "48"]
[EventDate "2015.04.01"]
[EventType "swiss"]
[EventRounds "9"]
[EventCountry "ESP"]
[SourceTitle "CBM 165 Extra"]
[Source "ChessBase"]
[SourceDate "2015.04.21"]
[SourceVersion "1"]
[SourceVersionDate "2015.04.21"]
[SourceQuality "1"]

1. c4 Nf6 2. Nc3 e5 3. g3 Bb4 4. Qc2 0-0 5. Bg2 c6 6. Nf3 Re8 7. d3 h6 8. Bd2 d5 9. cxd5 cxd5 10. 0-0 Nc6 11. a3 Bf8 12. b4 Bg4 13. e3 Rc8 14. Qb3 e4 15. Nd4 Qd7 16. Rac1 h5 17. h3 Bxh3 18. Nxd5 Nxd5 19. Bxh3 Qxh3 20. Qxd5 Re5 21. Qb3 h4 22. Ne2 hxg3 23. Nxg3 Rg5 24. dxe4 Ne5 0-1

[Event "Castilla La Mancha Region U18"]
[Site "Horche"]
[Date "2015.03.29"]
[Round "4.3"]
[White "Bustos Bernardo, Samuel"]
[Black "Castillo Garcia, Adrian"]
[Result "1/2-1/2"]
[WhiteElo "1916"]
[BlackElo "1944"]
[PlyCount "101"]
[EventDate "2015.03.27"]
[EventType "swiss"]
[EventRounds "6"]
[EventCountry "ESP"]
[SourceTitle "EXT 2024"]
[Source "ChessBase"]
[SourceDate "2023.10.10"]
[SourceVersion "1"]
[SourceVersionDate "2023.10.10"]
[SourceQuality "1"]

1. Nf3 b5 2. d4 Bb7 3. e3 b4 4. c4 Nf6 5. Bd3 e6 6. Nbd2 c5 7. 0-0 Nc6 8. Nb3 Qb6 9. Qe2 Be7 10. Nxc5 Bxc5 11. dxc5 Qxc5 12. e4 0-0 13. Be3 Qh5 14. Qc2 Ng4 15. Bf4 Nce5 16. Nxe5 Nxe5 17. Be2 Qg6 18. f3 Qf6 19. Be3 Rfc8 20. Qb3 a5 21. Rfd1 Qe7 22. c5 Ba6 23. Bxa6 Rxa6 24. Rac1 Rb8 25. Rd2 h6 26. Qd1 Rb7 27. b3 Rc6 28. f4 Ng6 29. Rc4 f6 30. Qg4 Kh7 31. Qd1 Kg8 32. Rd3 Qf7 33. Rc2 f5 34. exf5 Qxf5 35. g3 e5 36. Rf2 exf4 37. Rd5 Qe4 38. Bxf4 Nxf4 39. Rxf4 Qe3+ 40. Kg2 Rxc5 41. Rf3 Qc1 42. Qxc1 Rxc1 43. Rxa5 Rbc7 44. Raf5 R7c2+ 45. Rf2 Rxf2+ 46. Rxf2 d5 47. Rd2 Rc5 48. Kf3 Kf7 49. Ke3 Ke6 50. Kd4 Kd6 51. Rf2 1/2-1/2

[Event "Alzira op"]
[Site "Alzira"]
[Date "2014.08.22"]
[Round "1"]
[White "Castillo Garcia, Adrian"]
[Black "De la Calle Llopis, Juan"]
[Result "1-0"]
[WhiteElo "1719"]
[BlackElo "2000"]
[PlyCount "111"]
[EventDate "2014.08.22"]
[EventType "swiss"]
[EventRounds "9"]
[EventCountry "ESP"]
[SourceTitle "EXT 2016"]
[Source "ChessBase"]
[SourceDate "2015.10.08"]
[SourceVersion "1"]
[SourceVersionDate "2015.10.08"]
[SourceQuality "1"]

1. d4 e6 2. Nc3 d5 3. Nf3 Nf6 4. Bf4 Bb4 5. Nd2 0-0 6. e3 Nbd7 7. Nb5 Ne8 8. a3 Be7 9. Bd3 c6 10. Nc3 Bd6 11. Bg3 Bxg3 12. hxg3 g6 13. f4 c5 14. Nf3 Nef6 15. Be2 a6 16. Nd2 cxd4 17. exd4 b5 18. g4 Bb7 19. Bd3 Qb6 20. g5 Ne4 21. Ndxe4 dxe4 22. Bxe4 Rfd8 23. Qf3 Rab8 24. Bxb7 Qxb7 25. Qxb7 Rxb7 26. Ne4 f5 27. gxf6 Rf8 28. f7+ Kg7 29. Ng5 Rh8 30. Nxe6+ Kf6 31. Ng5 h6 32. Kf2 Rc8 33. Ne4+ Kg7 34. c3 Rb6 35. Rh3 Nf6 36. Nxf6 Rxf6 37. Rf3 Kxf7 38. Re1 Rc7 39. g3 Rd6 40. Rfe3 a5 41. Ke2 b4 42. axb4 axb4 43. Kd3 bxc3 44. bxc3 Rdc6 45. Rc1 Kf6 46. c4 Kf5 47. c5 Kg4 48. Kc4 g5 49. fxg5 hxg5 50. Kb5 Rf6 51. d5 Rb7+ 52. Kc4 Rf3 53. Rxf3 Kxf3 54. Rc3+ Ke4 55. c6 Ra7 56. d6 1-0